Statistics for Asia Geography Quiz #3

Click here to take the quiz!

General Stats

  • This quiz has been taken 28,127 times
  • The average score is 14 of 20

Answer Stats

QuestionAnswer% Correct
What region of China was once an independent country ruled by the Dalai Lama?Tibet
92%
What are the two major rivers of Iraq?Tigris
84%
What are the two major rivers of Iraq?Euphrates
83%
What city's walled area has Muslim, Christian, Jewish, and Armenian quarters?Jerusalem
83%
What national capital city starts with the letter H?Hanoi
81%
What peninsula is divided by a DMZ?Korea
79%
What two mountain ranges can be found on the border of Europe and Asia?Urals
76%
What island is shared by Indonesia, Malaysia, and Brunei?Borneo
74%
In what body of water is the island of Bahrain located?Persian Gulf
73%
What major city is located on the Yangtze River Delta?Shanghai
70%
What region is disputed between Pakistan, India, and China?Kashmir
67%
What two mountain ranges can be found on the border of Europe and Asia?Caucasus
64%
What mountain in Turkey is said to be the place where Noah's ark landed?Mount Ararat
64%
What country is home to Baikonur Cosmodrome, the world's largest space launch facility?Kazakhstan
63%
What river flows through 6 different countries, including China and Vietnam?Mekong
62%
What city was once called the "Paris of the Middle East" before an
outbreak of violence in the 1980's?
Beirut
60%
What word, starting with S, is a term for the dry grasslands that stretch
from Mongolia to Ukraine?
Steppe
59%
What country controlled the state of Goa, until it was invaded and annexed by India in 1961?Portugal
53%
What city's mascot is a "Merlion"?Singapore
41%
What is the second biggest city in the Tokyo metro area?Yokohama
36%

Score Distribution

Percentile by Number Answered

Percent of People with Each Score

Your Score History

You have not taken this quiz